00481nam a2200181Ia 4500003000400000005001700004008004100021020001800062040000700080041000800087082002300095100002200118245007100140260003700211300001700248365001300265650002100278OSt20230331115946.0210423s2005 xx 000 0 und d a81-260-2171-3 cAL aeng a891.409 223bDASH aDAS (Sisir Kumar) aHistory of Indian literature 500-1399: from courtly to the popular aNew DelhibSahitya Akademic2005 axiii,302bHB b200cINR aIndic Literature